Statistiken für Spieler mit den meisten Champions League Toren in einer Saison

Klicken Sie hier um das Quiz zu spielen!

Allgemein

  • Dieses Quiz wurde 660 mal gespielt
    (261 seit der letzten Aktualisierung)
  • Das Durchschnittsergebnis liegt bei 28 aus 34

Antwortstatistiken

SaisonToreVereinSpieler% Korrekt
13/1417Real MadridCristiano Ronaldo
100%
12/1312Real MadridCristiano Ronaldo
100%
11/1210Real MadridCristiano Ronaldo
100%
15/1616Real MadridCristiano Ronaldo
100%
17/1815Real MadridCristiano Ronaldo
100%
14/1510Real MadridCristiano Ronaldo
100%
16/1712Real MadridCristiano Ronaldo
100%
14/1510FC BarcelonaLionel Messi
100%
16/1711FC BarcelonaLionel Messi
100%
10/1112FC BarcelonaLionel Messi
100%
11/1214FC BarcelonaLionel Messi
100%
18/1912FC BarcelonaLionel Messi
100%
12/1310Borussia DortmundRobert Lewandowski
100%
21/2213Bayern MünchenRobert Lewandowski
100%
19/2015Bayern MünchenRobert Lewandowski
100%
22/2312Manchester CityErling Haaland
97%
20/2110Borussia DortmundErling Haaland
97%
19/2010Salzburg/DortmundErling Haaland
97%
21/2215Real MadridKarim Benzema
95%
17/1810FC LiverpoolMohamed Salah
92%
17/1810FC LiverpoolSadio Mane
88%
14/1510FC BarcelonaNeymar
83%
13/1410Paris St GermainZlatan Ibrahimovic
79%
11/1212Bayern MünchenMario Gomez
78%
17/1810FC LiverpoolRoberto Firmino
78%
99/0010Real MadridRaul
59%
21/2211Ajax AmsterdamSebastien Haller
58%
06/0710AC MailandKaka
55%
97/9810Juventus TurinAlessandro del Piero
49%
01/0210Manchester UnitedRuud van Nistelrooy
48%
02/0312Manchester UnitedRuud van Nistelrooy
47%
02/0310AC MailandFilippo Inzaghi
45%
99/0010FC BarcelonaRivaldo
41%
99/0010FC PortoJardel
12%

Verteilung der Resultate

Perzentil nach korrekt beantworteten Fragen

Anzahl Personen mit jedem Resultat

Ihre Resultats-Entwicklung

Sie haben dieses Quiz seit der letzten Aktualisierung nicht gespielt